| 000 | 00739nam a2200205 a 4500 | ||
|---|---|---|---|
| 003 | 0 | ||
| 005 | 20250403082723.0 | ||
| 008 | 050810s19uu xx 00 eng d | ||
| 050 |
_aPGS LB 1065.2 _b.T917 2005 |
||
| 100 | _aTulali, Shamire Luz C. | ||
| 245 |
_aEffects of motivation on the study habits of grade 6 students / _cShamire Luz C. Tulali. |
||
| 260 |
_aLas PiƱas City, Philippines : _bSouthville International School and Colleges, _c2005. |
||
| 300 |
_a31 pages : _bcolored illustrations ; _c28 cm. |
||
| 504 | _aIncludes bibliographical references. | ||
| 650 | _aMotivation in education. | ||
| 650 | _a Study skills. | ||
| 650 | _aAcademic achievement. | ||
| 650 |
_aEducation _vPsychological aspects. |
||
| 942 |
_2lcc _cPASS |
||
| 999 |
_c97436 _d97436 |
||